| 000 | 00830nam a2200241Ia 4500 | ||
|---|---|---|---|
| 003 | GCL | ||
| 008 | 140319s9999 xx 000 0 ara d | ||
| 020 | _a4439775526 | ||
| 040 |
_aGCL / _cGCL |
||
| 082 | 0 | 4 |
_a155 _bف س |
| 100 | 1 | _aفتحى مصطفى الزيات | |
| 245 | 1 | 0 |
_aسيكولوجية التعلم بين المنظور الارتباطى والمنظور المعرفى / _cفتحى مصطفى الزيات |
| 250 | _aالاولى | ||
| 260 |
_aالقاهرة : _bدار النشر للجامعات المصرية ، _c1996 |
||
| 300 |
_a585 ص ؛ _c23 سم |
||
| 490 |
_aسلسلة علم النفس المعرفى _v2 |
||
| 650 | 0 | 4 | _aعلم النفس |
| 650 | 0 | 4 | _aعلم النفس التربوى |
| 650 | 0 | 4 | _aالتعلم |
| 650 | 0 | 4 | _aالمعرفة |
| 650 | 0 | 4 | _aالنمو |
| 942 |
_2ddc _cBK |
||
| 999 |
_c49379 _d49379 |
||